ბათუმის შოთა რუსთაველის სახელმწიფო უნივერსიტეტის ბიბლიოთეკა

საანგარიშო–საპროექტო სამუშაოები მასალათა გამძლეობაში სამშენებლო სპეციალობებისათვის (ბიბ.ჩანაწერი № 37418)

000 -LEADER
fixed length control field 01029nam a2200217Ia 4500
001 - CONTROL NUMBER
control field 3377
003 - CONTROL NUMBER IDENTIFIER
control field GE_BSU
008 - FIXED-LENGTH DATA ELEMENTS--GENERAL INFORMATION
fixed length control field 181216s||||||||xx |||||||||||||| ||und||
040 ## - CATALOGING SOURCE
Transcribing agency GE_BSU
080 ## - UNIVERSAL DECIMAL CLASSIFICATION NUMBER
Universal Decimal Classification number 620.17(075.8)
100 ## - MAIN ENTRY--PERSONAL NAME
Personal name ლოსაბერიძე, ა. ჩიხაძე, ლ.
245 ## - TITLE STATEMENT
Title საანგარიშო–საპროექტო სამუშაოები მასალათა გამძლეობაში სამშენებლო სპეციალობებისათვის
245 ## - TITLE STATEMENT
Remainder of title დამხმ. სახელმძღ.
245 ## - TITLE STATEMENT
Statement of responsibility, etc. ე. გიორგაძე
260 ## - PUBLICATION, DISTRIBUTION, ETC.
Place of publication, distribution, etc. თბილისი
260 ## - PUBLICATION, DISTRIBUTION, ETC.
Name of publisher, distributor, etc. სპი
260 ## - PUBLICATION, DISTRIBUTION, ETC.
Date of publication, distribution, etc. 1985
300 ## - PHYSICAL DESCRIPTION
Extent 100 გვ. 20 სმ.
653 ## - INDEX TERM--UNCONTROLLED
Uncontrolled term საანგარიშო–საპროექტო სამუშაოები მასალათა გამძლეობაში სამშენებლო სპეციალობებისათვის
942 ## - ADDED ENTRY ELEMENTS (KOHA)
Koha item type წიგნი

არაა ხელმისაწვდომი ეგზემპლარები.